|
|
|
|
| LEADER |
02018cam a2200529 i 4500 |
| 001 |
nkc20213362177 |
| 003 |
CZ PrNK |
| 005 |
20230628100405.0 |
| 007 |
ta |
| 008 |
210920s2021 xr ach e 000 1 cze d |
| 015 |
|
|
|a cnb003362177
|
| 020 |
|
|
|a 978-80-907295-7-5
|q (brožováno)
|
| 035 |
|
|
|a (OCoLC)1284973751
|
| 040 |
|
|
|a ULG001
|b cze
|d ABA001
|e rda
|
| 043 |
|
|
|a e-xr---
|b e-xr-pg
|2 czenas
|
| 045 |
|
|
|a w8x1
|
| 072 |
|
7 |
|a 343.9
|x Kriminalistika
|2 Konspekt
|9 16
|
| 080 |
|
|
|a 343.3/.7
|2 MRF
|
| 080 |
|
|
|a 343.132:351.74
|2 MRF
|
| 080 |
|
|
|a (437.311)
|2 MRF
|
| 080 |
|
|
|a (0:82-96)
|2 MRF
|
| 100 |
1 |
|
|a Hrubý, Dan,
|d 1968-
|7 jn20000401090
|4 aut
|
| 245 |
1 |
0 |
|a Pražské mordy.
|p Skutečné kriminální případy z let monarchie (1880-1918) /
|c Dan Hrubý
|
| 246 |
3 |
0 |
|a Skutečné kriminální případy z let monarchie (1880-1918)
|
| 250 |
|
|
|a Vydání první
|
| 264 |
|
1 |
|a Praha :
|b Pražské příběhy s.r.o.,
|c 2021
|
| 300 |
|
|
|a 501 stran :
|b ilustrace, portréty, faksimile ;
|c 23 cm
|
| 336 |
|
|
|a text
|b txt
|2 rdacontent
|
| 337 |
|
|
|a bez média
|b n
|2 rdamedia
|
| 338 |
|
|
|a svazek
|b nc
|2 rdacarrier
|
| 648 |
|
7 |
|a 19.-20. století
|7 ch757015
|2 czenas
|
| 648 |
|
4 |
|a 1880-1918
|
| 650 |
0 |
7 |
|a kriminální případy
|7 ph121958
|z Česko
|y 19.-20. století
|2 czenas
|
| 650 |
0 |
7 |
|a trestné činy
|7 ph116480
|z Česko
|y 19.-20. století
|2 czenas
|
| 650 |
0 |
7 |
|a policejní vyšetřování
|7 ph158343
|z Česko
|y 19.-20. století
|2 czenas
|
| 650 |
0 |
9 |
|a criminal cases
|z Czechia
|y 19th-20th centuries
|2 eczenas
|
| 650 |
0 |
9 |
|a crimes
|z Czechia
|y 19th-20th centuries
|2 eczenas
|
| 650 |
0 |
9 |
|a police enquiry
|z Czechia
|y 19th-20th centuries
|2 eczenas
|
| 651 |
|
7 |
|a Praha (Česko)
|7 ge118011
|2 czenas
|
| 651 |
|
9 |
|a Prague (Czechia)
|2 eczenas
|
| 655 |
|
7 |
|a literatura faktu
|7 fd132773
|2 czenas
|
| 655 |
|
9 |
|a non-fiction
|2 eczenas
|
| 910 |
2 |
|
|a BOA001
|b 2-1505.109
|
| 920 |
|
|
|a 016020003781524
|z ULG001
|
| 990 |
|
|
|a BK
|
| 995 |
|
|
|a 01
|
| 996 |
6 |
|
|b 2610931757
|c 2-1505.109
|l MZK
|r Sklad / do 1 hodiny
|n 0
|p p.v.
|w 001916758
|u 000010
|a 1
|e BOA001
|j MZK50
|s P
|